000 00184 a2200097 4500
020 _a9780061578908
041 _aeng
100 _aCornwell, Bernard
245 _aAgincourt
942 _cBK
999 _c30025
_d30023